Numerical heat transfer and fluid flow (Record no. 28187)

000 -LEADER
fixed length control field 00598nam a2200217 i 4500
001 - CONTROL NUMBER
control field 28187
003 - CONTROL NUMBER IDENTIFIER
control field BD-DhUET
008 - FIXED-LENGTH DATA ELEMENTS--GENERAL INFORMATION
fixed length control field 791227s1980 dcua b 001 0 eng
020 ## - INTERNATIONAL STANDARD BOOK NUMBER
International Standard Book Number 0070487405
040 ## - CATALOGING SOURCE
Original cataloging agency DLC
Transcribing agency DLC
Modifying agency BD-DhUET
082 00 - DEWEY DECIMAL CLASSIFICATION NUMBER
Classification number 536.2
Item number PAT/1980
100 ## - MAIN ENTRY--PERSONAL NAME
Personal name Patankar, Suhas V.
245 10 - TITLE STATEMENT
Title Numerical heat transfer and fluid flow
Statement of responsibility, etc. Suhas V. Patankar
250 ## - EDITION STATEMENT
Edition statement 1st ed.
260 ## - PUBLICATION, DISTRIBUTION, ETC. (IMPRINT)
Place of publication, distribution, etc. New York
Name of publisher, distributor, etc. McGraw-Hill
Date of publication, distribution, etc. 1980
300 ## - PHYSICAL DESCRIPTION
Extent xiii, 197 p.
Other physical details ill.
Dimensions 24 cm.
504 ## - BIBLIOGRAPHY, ETC. NOTE
Bibliography, etc Includes bibliographies
650 #0 - SUBJECT ADDED ENTRY--TOPICAL TERM
Topical term or geographic name as entry element Heat and mass transfer
650 #0 - SUBJECT ADDED ENTRY--TOPICAL TERM
Topical term or geographic name as entry element Fluid dynamics
942 ## - ADDED ENTRY ELEMENTS (KOHA)
Koha item type General Book
Holdings
Not for loan Lost status Price effective from Koha date last seen Sublocation or collection (holding branch) Shelving location Koha date last borrowed Damaged status Piece designation (barcode) Withdrawn status Source of classification or shelving scheme Copy number Koha item type Koha normalized classification for sorting Date acquired Koha issues (times borrowed) Location (home branch) Koha full call number
  2015-06-092015-06-09Central Library, BUETReading section  57569  2Reading Item536_200000000000000_PAT_19802015-06-09 Central Library, BUET536.2/PAT/1980
  2016-11-202022-09-07Central Library, BUETCirculation section2022-08-10 114418  3General Book536_200000000000000_PAT_19802016-11-201Central Library, BUET536.2/PAT/1980
  2016-11-202020-03-01Central Library, BUETCirculation section2019-02-11 114419  4General Book536_200000000000000_PAT_19802016-11-202Central Library, BUET536.2/PAT/1980
  2016-11-202016-11-20Central Library, BUETCirculation section  57568  1General Book536_200000000000000_PAT_19802016-11-20 Central Library, BUET536.2/PAT/1980